Todos os times campeões nacionais no Brasil. - Statistics

Estatísticas Gerais
  • Esse quiz foi jogado 340 vezes
  • A pontuação média é 47 de 69
Estatísticas das Respostas
Título(s) Estado Resposta % Correto
12 (7 Campeonatos Brasileiros; 3 Copas do Brasil; 1 Supercopa do Brasil e 1 Série B) SP Corinthians
99%
11 (3 Taças de Ouro; 3 Campeonatos Brasileiros; 3 Copas do Brasil; 1 Copa dos Campeões e 1 Supercopa do Brasil) RJ Flamengo
99%
16 (2 Taças Brasil; 2 Torneios Roberto Gomes Pedrosa; 2 Campeonatos Nacionais de Clubes; 4 Campeonatos Brasileiros; 3 Copas do Brasil; 1 Copa dos Campeões e 2 Série B) SP Palmeiras
99%
6 (2 Copas Brasil e 4 Campeonatos Brasileiros) SP São Paulo
99%
3 (1 Taça Brasil; 1 Campeonato Brasileiro e 1 Série B) RJ Botafogo
98%
1 (Série D) PB Botafogo
98%
1 (Série D) SP Botafogo
98%
10 (1 Taça Brasil; 3 Campeonatos Brasileiros e 6 Copas do Brasil) MG Cruzeiro
98%
9 (1 Taça de Ouro; 1 Campeonato Brasileiro; 5 Copas do Brasil; 1 Supercopa do Brasil e 1 Série B) RS Grêmio
98%
9 (5 Taças Brasil; 1 Taça Roberto Gomes Pedrosa; 2 Campeonatos Brasileiros e 1 Copa do Brasil) SP Santos
98%
6 (1 Taça Roberto Gomes Pedrosa; 1 Copa Brasil; 2 Campeonatos Brasileiro; 1 Copa do Brasil e 1 Série C) RJ Fluminense
97%
4 (3 Copas Brasil e 1 Copa do Brasil) RS Internacional
96%
1 (Série B) SP Internacional
96%
5 (1 Campeonato Nacional de Clubes; 1 Copa do Brasil; 1 Copa dos Campeões Estaduais; 1 Copa dos Campeões do Brasil e 1 Série B) MG Atlético Mineiro
95%
1 (Torneio dos Campeões da CBF) RJ América
94%
3 (1 Taça de Ouro e 2 Série B) PR Coritiba
92%
3 (1 Copa União; 1 Copa do Brasil e 1 Série B) PE Sport
92%
2 (1 Taça Brasil e 1 Copa União) BA Bahia
91%
2 (2 Série B) GO Goiás
91%
6 (1 Campeonato Nacional de Clubes; 3 Campeonatos Brasileiros; 1 Copa do Brasil e 1 Série B) RJ Vasco da Gama
89%
3 (1 Copa dos Campeões e 2 Série B) PA Paysandu
88%
1 (1 Série B) CE Fortaleza
87%
3 (1 Campeonato Brasileiro; 1 Copa do Brasil e 1 Série B) PR Athletico Paranaense
86%
3 (1 Série B e 2 Série C) GO Atlético Goianiense
86%
3 (1 Copa do Brasil; 1 Série B e 1 Série C) SC Criciúma
86%
2 (1 Copa do Brasil e 1 Série B) RS Juventude
85%
1 (Série C) PA Remo
85%
2 (1 Copa Brasil e 1 Série B) SP Guarani
82%
1 (Série C) SC Avaí
80%
2 (1 Série B e 1 Série C) DF Brasiliense
79%
2 (1 Copa do Brasil e 1 Série C) SP Paulista
79%
1 (1 Copa do Brasil) SP Santo André
79%
1 (1 Série B) PR Paraná
77%
1 (1 Série B) MG Villa Nova
77%
1 (Série C) PE Náutico
76%
1 (Série C) PE Santa Cruz
76%
2 (Série C) GO Vila Nova
76%
3 (2 Série B e 1 Série C) MG América Mineiro
75%
3 (2 Série B e 1 Série C) SP Bragantino
75%
2 (1 Série B e 1 Série C) SC Joinville
75%
1 (1 Série B) SP Portuguesa
74%
1 (Série C) AL CSA
71%
1 (Série B) DF Gama
71%
3 (1 Série B; 1 Série C e 1 Série D) MA Sampaio Corrêa
71%
1 (1 Série B) PR Londrina
67%
2 (1 Série C e 1 Série D) PR Operário
65%
1 (Série C) RN ABC
63%
1 (Série D) RJ Volta Redonda
58%
1 (Serie C) SP Ituano
53%
2 (1 Série B e 1 Série C) PA Tuna Luso
52%
1 (Série D) CE Ferroviário
51%
1 (Série D) SC Brusque
44%
1 (Série C) RJ Macaé
41%
1 (Série D) MG Tombense
41%
1 (Série B) MG Uberlândia
40%
1 (Série D) MG Tupi
39%
1 (Série B) SP Juventus
36%
1 (Série C) SP Oeste
32%
1 (Série C) RJ Olaria
32%
1 (Série D) PA São Raimundo
31%
1 (Série C) SP Novorizontino
30%
1 (Série C) MG Boa Esporte
29%
1 (Série D) CE Guarany
28%
2 (1 Série B e 1 Série C) SP União São João
26%
1 (Série B) RJ Campo Grande
19%
1 (Série C) SP União Barbarense
13%
1 (Torneios dos Campeões da CBD) PR Grêmio Maringá
12%
1 (Copa dos Campeões Estaduais) SP Paulistano
9%
1 (Série C) SP XV de Novembro
4%
Nenhum quiz correspondente encontrado
Distribuição das Pontuações
Porcentagem de Pessoas com Cada Pontuação
Percentil de Números Respondidos
Sua Pontuação Histórica
Você não jogou esse quiz